000 00247nam a2200097Ia 4500
001 984004
005 20250826221016.0
008 250824s9999 xx 000 0 und d
245 0 _aZAMANIN BEKÇİLERİ
_cŞEBNEM PİŞKİN
260 _bPANAMA YAYINLARI
999 _c984004
_d984004